[Event "Bad Woerishofen Seniors op 24th"]
[Site "Bad Woerishofen"]
[Date "2008.03.02"]
[Round "4"]
[White "Dombrowe, Eckehard"]
[Black "Mahrla, Hans"]
[Result "1-0"]
[WhiteElo "1610"]
[BlackElo "1666"]
[PlyCount "85"]
[EventDate "2008.02.28"]
[EventType "swiss"]
[EventRounds "9"]
[EventCountry "GER"]
[SourceTitle "EXT 2022"]
[Source "ChessBase"]
[SourceDate "2021.10.06"]
[SourceVersion "1"]
[SourceVersionDate "2021.10.06"]
[SourceQuality "1"]

1. d4 Nf6 2. c4 e6 3. Bg5 d5 4. Nc3 Be7 5. e3 0-0 6. Nf3 Nbd7 7. Rc1 b6 8. cxd5 exd5 9. Bd3 c5 10. b3 h6 11. Bh4 Bb7 12. 0-0 Rc8 13. Qe2 Re8 14. Rfe1 cxd4 15. Nxd4 Bb4 16. Qb2 Qe7 17. Rc2 a6 18. Rd1 g5 19. Nf5 Qf8 20. Bg3 Nh5 21. Ne2 Rxc2 22. Qxc2 Nxg3 23. Nfxg3 Rc8 24. Qb1 Ne5 25. Bh7+ Kh8 26. Bf5 Rc7 27. Qb2 f6 28. Qb1 Nd7 29. Nd4 Qd6 30. Bg4 Ne5 31. Bf5 Ba3 32. Nc2 a5 33. Nxa3 Qxa3 34. Ne2 Ba6 35. Nd4 Rc3 36. Nc2 Qc5 37. Rd2 Nd3 38. h3 Nb4 39. Qb2 Nxc2 40. Rxc2 Rxc2 41. Qxf6+ Kg8 42. Be6+ Kh7 43. Qf7+ 1-0

[Event "Bad Woerishofen Seniors opA 22th"]
[Site "Bad Woerishofen"]
[Date "2006.03.25"]
[Round "9"]
[White "Dombrowe, Eckehard"]
[Black "Richter, Gerhard"]
[Result "0-1"]
[WhiteElo "1560"]
[BlackElo "1783"]
[PlyCount "100"]
[EventDate "2006.03.17"]
[EventType "swiss"]
[EventRounds "9"]
[EventCountry "GER"]
[SourceTitle "EXT 2022"]
[Source "ChessBase"]
[SourceDate "2021.10.06"]
[SourceVersion "1"]
[SourceVersionDate "2021.10.06"]
[SourceQuality "1"]

1. f4 d5 2. Nf3 g6 3. g3 Bg7 4. Bg2 Nf6 5. 0-0 0-0 6. d3 c6 7. c3 Nbd7 8. Nbd2 Ng4 9. Nb3 e5 10. h3 Qb6+ 11. d4 Nh6 12. fxe5 Nxe5 13. Nxe5 Nf5 14. Kh2 Qc7 15. Bf4 g5 16. Bc1 f6 17. e4 dxe4 18. Rxf5 Bxf5 19. Ng4 h5 20. Ne3 Bg6 21. Nf1 Rfe8 22. Nc5 b6 23. Nb3 h4 24. Qe1 Re6 25. Be3 a5 26. Bf2 f5 27. Kg1 hxg3 28. Bxg3 f4 29. Bh2 Qf7 30. Bh1 Rd8 31. Rd1 Bh5 32. Rc1 e3 33. d5 cxd5 34. Nd4 Bxd4 35. cxd4 Rf8 36. Bxd5 f3 37. Qg3 f2+ 38. Kg2 Bf3+ 39. Bxf3 Rf6 40. Nxe3 Rxf3 41. Qxg5+ Qg7 42. Qxg7+ Kxg7 43. Nf1 Rd3 44. Rc2 Rff3 45. Rxf2 Rxf2+ 46. Kxf2 Rxd4 47. Ng3 Rd2+ 48. Kg1 Rxb2 49. Nf5+ Kf6 50. Ne3 Rxa2 0-1

[Event "Bad Woerishofen Seniors opA 22th"]
[Site "Bad Woerishofen"]
[Date "2006.03.24"]
[Round "8"]
[White "Semmler, Guenter"]
[Black "Dombrowe, Eckehard"]
[Result "1-0"]
[WhiteElo "1877"]
[BlackElo "1560"]
[PlyCount "93"]
[EventDate "2006.03.17"]
[EventType "swiss"]
[EventRounds "9"]
[EventCountry "GER"]
[SourceTitle "EXT 2022"]
[Source "ChessBase"]
[SourceDate "2021.10.06"]
[SourceVersion "1"]
[SourceVersionDate "2021.10.06"]
[SourceQuality "1"]

1. Nf3 Nf6 2. d4 d5 3. g3 e6 4. Bg2 c5 5. 0-0 Nc6 6. a3 cxd4 7. Nxd4 Be7 8. c4 0-0 9. Nc3 Nxd4 10. Qxd4 dxc4 11. Qxc4 Qb6 12. b4 Bd7 13. Be3 Qd8 14. Bxb7 Rb8 15. Bf3 Qc8 16. Qb3 a6 17. Rac1 Bc6 18. Rfd1 Qe8 19. Bxc6 Qxc6 20. Na4 Qb7 21. Nc5 Bxc5 22. Bxc5 Rfc8 23. Qd3 Qb5 24. a4 Qxd3 25. Rxd3 Nd5 26. Rb3 Rc7 27. e4 Nb6 28. Ra1 Nd7 29. Be3 Rcc8 30. b5 axb5 31. axb5 Rb7 32. Ra6 Kf8 33. Kf1 Ke8 34. Ke2 h5 35. h4 g6 36. b6 Nb8 37. Ra8 Kd7 38. Rd3+ Kc6 39. e5 Kb5 40. Ra7 Rxa7 41. bxa7 Nc6 42. f4 Ka6 43. Rd7 Nd8 44. Kd3 Kb5 45. Rc7 Ra8 46. Kc3 Ka6 47. Kb4 1-0